Delinquenza giovanile: analisi di un processo di stigmatizzazione e di esclusione

Guardado en:  
Detalles Bibliográficos
Autores principales: Bandini, Tullio (Autor) ; Gatti, Uberto (Autor)
Tipo de documento: Print Libro
Lenguaje:Lengua no determinada
Publicado: Milano Giuffrè 1987
En:Año: 1987
Edición:3. ed.
Disponibilidad en Tübingen:Disponible en Tübingen.
UB: KB 18 A 3019
Verificar disponibilidad: HBZ Gateway
Servicio de pedido Subito: Pedir ahora.

MARC

LEADER 00000cam a2200000 c 4500
001 1629422851
003 DE-627
005 20251225203735.0
007 tu
008 871123s1987 xx ||||| 00| ||und c
010 |a  87180701  
020 |a 8814011516  |9 88-14-01151-6 
035 |a (DE-627)1629422851 
035 |a (DE-576)013407422 
035 |a (DE-599)BSZ013407422 
035 |a (OCoLC)21760327 
040 |a DE-627  |b ger  |c DE-627  |e rakwb 
082 0 |a 364.3/6 
100 1 |a Bandini, Tullio  |4 aut 
245 1 0 |a Delinquenza giovanile  |b analisi di un processo di stigmatizzazione e di esclusione  |c Tullio Bandini; Uberto Gatti 
250 |a 3. ed. 
264 1 |a Milano  |b Giuffrè  |c 1987 
300 |a XV, 579 S. 
336 |a Text  |b txt  |2 rdacontent 
337 |a ohne Hilfsmittel zu benutzen  |b n  |2 rdamedia 
338 |a Band  |b nc  |2 rdacarrier 
583 1 |a Archivierung prüfen  |c 20200919  |f DE-640  |z 2  |2 pdager 
700 1 |a Gatti, Uberto  |4 aut 
951 |a BO 
ELC |b 1 
LOK |0 000 xxxxxcx a22 zn 4500 
LOK |0 001 3277213633 
LOK |0 003 DE-627 
LOK |0 004 1629422851 
LOK |0 005 19871123000000 
LOK |0 008 871123||||||||||||||||ger||||||| 
LOK |0 040   |a DE-21  |c DE-627  |d DE-21 
LOK |0 852   |a DE-21 
LOK |0 852 1  |c KB 18 A 3019  |9 00 
LOK |0 935   |a krim 
LOK |0 939   |a 23-11-87  |b l01 
ORI |a SA-MARC-krimdoka001.raw 
SIG |a UB: KB 18 A 3019